| 000 | 00417nam a22001697a 4500 | ||
|---|---|---|---|
| 003 | CEME | ||
| 005 | 20210628202435.0 | ||
| 008 | 210315b xxu||||| |||| 00| 0 eng d | ||
| 020 | _a0-15-500572-3 | ||
| 040 | _c. | ||
| 082 | _a519.22 MCC'F | ||
| 100 |
_aMccall, R. B _959909 |
||
| 245 | _aFundamentals statistics for behavioral science | ||
| 260 |
_aNEWYORK _bHARCOURT _c1994 |
||
| 300 | _a469P | ||
| 942 |
_cBK _2ddc |
||
| 999 |
_c569778 _d569778 |
||